000 00391nam a2200157Ia 4500
008 230711s9999||||xx |||||||||||||| ||und||
020 _a81-89535-05-6
041 _aENG
082 _a800
_bYO-D
100 _aYogananda,Sri Paramahansa
245 4 _aThe divine romance
260 _c2000
_aNew Delhi
_bYogoda Satsanga Society of India
300 _a484
650 _aLiterature
942 _cBK
999 _c5247
_d5247